000 00807nam a2200229Ia 4500
001 15981
003 GE_BSU
008 181216s||||||||xx |||||||||||||| ||und||
040 _cGE_BSU
080 _a82-93
100 _aჯაფარიძე, რ. (რევაზ, 1923-1999)
245 _aჯიმარაის ტუსაღები
245 _bმოთხრობა უფროსი კლასელებისათვის
245 _cრედ.ც.ცერცვაძე. მხ.ზ. კაპანაძე
260 _aთბილისი
260 _bნაკადული
260 _c1969
300 _a135 გვ. : ილ. ; 20 სმ
653 _aმოთხრობა
653 _aჯიმარაის ტუსაღები
942 _cBK
999 _c49074
_d49074